• 首页
  • 本馆介绍
  • 公告通知
  • 最新文献
  • 馆藏检索
  • 电子资源
  • 读者导购
  • 参考咨询
  • 我的图书馆
  • 登录
  • 详细信息显示
  • 放入我的书架
  • 预约/预借图书
  • 作者相关作品
  • 分类相关作品
  • 丛书相关作品
  • 出版社相关作品

书目信息

  • 表格格式
  • 工作单格式
  • 卡片格式
题名:
畜禽粪便资源化利用技术
    
 
作者: 何世山 , 杨军香 主编
分册:   达标排放模式
出版信息: 北京   中国农业科学技术出版社  2016
页数: 138页
开本: 26cm
丛书名: 《畜禽粪便资源化利用技术模式》系列丛书
单 册:
中图分类: X713
科图分类:
主题词: 畜禽--xu qin--粪便处理
电子资源:
ISBN: 978-7-5116-2643-1
000 01213nam 2200301 450
001 012001003794
005 20131105164608.0
010    @a978-7-5116-2643-1@dCNY39.80
099    @aCAL 012017022798
100    @a20170313d2016 em y0chiy50 ea
101 0  @achi
102    @aCN@b110000
105    @aak a 000yy
106    @ar
200 1  @a畜禽粪便资源化利用技术@Axu qin fen bian zi yuan hua li yong ji shu@i达标排放模式@f何世山, 杨军香主编
210    @a北京@c中国农业科学技术出版社@d2016
215    @a138页@c图 (部分彩图)@d26cm
225 2  @a《畜禽粪便资源化利用技术模式》系列丛书@A《xu qin fen bian zi yuan hua li yong ji shu mo shi 》xi lie cong shu
320    @a有书目 (第137-138页)
330    @a本书共分为概述 ; 技术单元 ; 应用要求 ; 典型案例四章, 其主要内容包括 ; 概念 ; 工艺流程 ; 国外经验 ; 收集方式 ; 贮存方式 ; 固液分离 ; 处理与利用技术 ; 适用范围 ; 注意事项等。
410  0 @12001 @a《畜禽粪便资源化利用技术模式》系列丛书
517 1  @a达标排放模式@Ada biao pai fang mo shi
606 0  @a畜禽@Axu qin@x粪便处理
690    @aX713@v5
701  0 @a何世山@Ahe shi shan@4主编
701  0 @a杨军香@Ayang jun xiang@4主编
801  2 @aCN@b上海新华@c20191020
905    @b1206668-9@dX713@e320@f2
    
    畜禽粪便资源化利用技术.达标排放模式/何世山, 杨军香主编.-北京:中国农业科学技术出版社,2016
    138页:图 (部分彩图);26cm.-(《畜禽粪便资源化利用技术模式》系列丛书)
    
    
    ISBN 978-7-5116-2643-1:CNY39.80
    本书共分为概述 ; 技术单元 ; 应用要求 ; 典型案例四章, 其主要内容包括 ; 概念 ; 工艺流程 ; 国外经验 ; 收集方式 ; 贮存方式 ; 固液分离 ; 处理与利用技术 ; 适用范围 ; 注意事项等。
●
相关链接 在E读中查询图书 在五车中查询图书 在当当中查询图书 在豆瓣中查询图书


正题名:畜禽粪便资源化利用技术     索取号:X713/320         预约/预借

序号 登录号 条形码 馆藏地/架位号 状态 备注
1 1206668   212066681   第二样本阅览室/ [索取号:X713/320] 在馆    
2 1206669   212066690   第三借阅区/ [索取号:X713/320] 在馆    
唐山师范学院图书馆 欢迎您!
大连网信软件有限公司© 版权所有